Uzupełnij trójki państw - Statystyki

Ogólne statystyki
  • Ten quiz został rozwiązany 421 razy
  • Średni wynik to 12 z 14
Statystyki odpowiedzi
Wyjaśnienie Trójka % Poprawnych
Państwa bałtyckie Litwa, {Łotwa}, Estonia
100%
Państwa zachodniosłowiańskie {Czechy}, Słowacja, Polska
99%
Beneluks {Belgia}, Holandia, Luksemburg
97%
Ameryka Północna ale bez Ameryki Środkowej i Karaibów Stany Zjednoczone, {Kanada}, Meksyk
96%
Państwa wschodniosłowiańskie Rosja, {Białoruś}, Ukraina
94%
Państwa iberyjskie Hiszpania, {Portugalia}, Andora
93%
Państwa apenińskie Włochy, San Marino, {Watykan}
93%
Południowe kraje niemieckojęzyczne {Austria}, Szwajcaria, Liechtenstein
86%
Państwa Kaukazu {Gruzja}, Armenia, Azerbejdżan
80%
Gwinee Afryki Gwinea, {Gwinea Bissau}, Gwinea Równikowa
75%
Południe i wschód Półwyspu Arabskiego Jemen, Oman, {Zjednoczone Emiraty Arabskie}
75%
Dawne Indochiny Francuskie Wietnam, Laos, {Kambodża}
75%
Małe wyspiarskie państwa Afryki na Oceanie Indyjskim {Seszele}, Komory, Mauritius
63%
Dawne Indie Brytyjskie (oprócz Birmy, odłączonej w 1937) Indie, Pakistan, {Bangladesz}
60%
Nie znaleziono quizów pasujących do podanych kryteriów
Rozkład punktacji
Procent ludzi z każdym wynikiem
Percentyl według liczby udzielonych odpowiedzi
Twoja historia wyników
Nie rozwiązałeś tego quizu